00771nam a2200241 a 45000010005000000030005000050050017000100080041000270200015000680400020000831000036001032450077001392600027002163000011002434900014002546500031002686500034002996500033003336500042003669420013004089990015004219520093004362561CDMR20131127101102.0130130s1988||||||||||||||||||||||||||||d a8434410788 aCDMRbcatcCDMR1 aMuñoz Machado, Santiago9192210aLibertad de prensa y procesos por difamacióncSantiago Muñoz Machado aBarcelonac1988bAriel a199 p.0 aArielv780491582aLlibertat d'impremta0494371aDelictes contra l'honor0494397aResponsabilitat (Dret)0493208aPeriodismexDret i legislació cMON2udc c2561d2561 00104070aCDMRbCDMRd2013-01-16l0oCg 5/4pCDMR13119931r2013-01-16w2013-01-16yMON